A Guide for Planning Wildlife Management (Record no. 248199)

MARC details
000 -LEADER
fixed length control field 00302pam a2200133 a 4500
020 ## - INTERNATIONAL STANDARD BOOK NUMBER
Terms of availability
041 ## - LANGUAGE CODE
Language code of original
100 ## - MAIN ENTRY--PERSONAL NAME
Personal name Vishwas B Sawarkar,
Relator term Author.
245 ## - TITLE STATEMENT
Title A Guide for Planning Wildlife Management
Medium Textual Documents
250 ## - EDITION STATEMENT
Edition statement 1st.
260 ## - PUBLICATION, DISTRIBUTION, ETC.
Place of publication, distribution, etc. [s.l]:
Name of publisher, distributor, etc. Na
300 ## - PHYSICAL DESCRIPTION
Extent 335.
930 ## - EQUIVALENCE OR CROSS-REFERENCE-UNIFORM TITLE HEADING [LOCAL, CANADA]
Uniform title 2348
Holdings
Withdrawn status Lost status Damaged status Not for loan Home library Current library Date acquired Source of acquisition Cost, normal purchase price Total Checkouts Full call number Barcode Date last seen Copy number Price effective from Koha item type
        Institute of Environment Education & Research, Pune Institute of Environment Education & Research, Pune 12/12/2016 Natraj Publisher 396.00   EVP-1950 03/04/2023 1 03/04/2023 Book